| 000 -LEADER |
| fixed length control field |
00571cam a22001697a 4500 |
| 008 - FIXED-LENGTH DATA ELEMENTS--GENERAL INFORMATION |
| fixed length control field |
180718b2014 xxu||||| |||| 00| 0 eng d |
| 020 ## - INTERNATIONAL STANDARD BOOK NUMBER |
| International Standard Book Number |
9781316601204 |
| 082 ## - DEWEY DECIMAL CLASSIFICATION NUMBER |
| Classification number |
F5x54 C429r |
| 100 ## - MAIN ENTRY--PERSONAL NAME |
| Personal name |
Chhibber, Pradeep K. and Shashtri, Sandeep |
| 245 ## - TITLE STATEMENT |
| Title |
Religious practice and democracy in India |
| Statement of responsibility, etc. |
by Pradeep K. Chhibber and Sandeep Shashtri |
| 260 ## - PUBLICATION, DISTRIBUTION, ETC. |
| Place of publication, distribution, etc. |
Delhi |
| Name of publisher, distributor, etc. |
Cambride |
| Date of publication, distribution, etc. |
2014 |
| 300 ## - PHYSICAL DESCRIPTION |
| Extent |
204p. |
| 650 ## - SUBJECT ADDED ENTRY--TOPICAL TERM |
| Topical term or geographic name entry element |
India -- Religious life and customs |
| 650 ## - SUBJECT ADDED ENTRY--TOPICAL TERM |
| Topical term or geographic name entry element |
Democracy -- Religious aspects |
| 650 ## - SUBJECT ADDED ENTRY--TOPICAL TERM |
| Topical term or geographic name entry element |
Democracy -- India |
| 650 ## - SUBJECT ADDED ENTRY--TOPICAL TERM |
| Topical term or geographic name entry element |
Religion and politics -- India |